Các nhân tố ảnh hưởng đến chính sách phân chia cổ tức của các công ty niêm yết trên thị trường chứng khoán Việt Nam : Báo cáo tổng kết đề tài khoa học và công nghệ cấp Trường

Tìm hiểu về các nhân tố ảnh hưởng đến chính sách phân chia cổ tức của các công ty niêm yết trên thị trường chứng khoán Việt Nam

Gorde:
Xehetasun bibliografikoak
Egile nagusia: Huỳnh, Thị Chinh
Formatua: Liburua
Hizkuntza:Undetermined
Argitaratua: Cần Thơ Trường Đại học Cần Thơ 2011
Gaiak:
Etiketak: Etiketa erantsi
Etiketarik gabe, Izan zaitez lehena erregistro honi etiketa jartzen!
Thư viện lưu trữ: Trung tâm Học liệu Trường Đại học Cần Thơ
LEADER 01298nam a2200217Ia 4500
001 CTU_203329
008 210402s9999 xx 000 0 und d
082 |a 332.642 
082 |b Ch312 
088 |a TSV2011-09 
100 |a Huỳnh, Thị Chinh 
245 0 |a Các nhân tố ảnh hưởng đến chính sách phân chia cổ tức của các công ty niêm yết trên thị trường chứng khoán Việt Nam : 
245 0 |b Báo cáo tổng kết đề tài khoa học và công nghệ cấp Trường 
245 0 |c Huỳnh Thị Chinh (Chủ nhiệm đề tài) ; Trương Đông Lộc (cán bộ hướng dẫn) ; Huỳnh Thị Phương Dung, Nguyễn Thị Cẩm Tú (phối hợp nghiên cứu) 
260 |a Cần Thơ 
260 |b Trường Đại học Cần Thơ 
260 |c 2011 
520 |a Tìm hiểu về các nhân tố ảnh hưởng đến chính sách phân chia cổ tức của các công ty niêm yết trên thị trường chứng khoán Việt Nam 
650 |a Stock exchanges,Thị trường chứng khoán,Thị trường chứng khoán 
904 |i Nguyên 
980 |a Trung tâm Học liệu Trường Đại học Cần Thơ